Paisajes 6: guía didáctica

Saved in:
Bibliografiske detaljer
Main Authors: Batllori Obiols, Roser (Author), Espinet Blanch, M (Author), Franch Batlle, J (Author), Gavalda Torrents, A (Author), Molla Bernadas, J (Author), Morato Reixach, T (Author), Santisteban Fernández, A (Author), Pages Blanch, J (Author)
Format: Bog
Sprog:spansk
Udgivet: Madrid Bruño 1995
Fag:
Tags: Tilføj Tag
Ingen Tags, Vær først til at tagge denne postø!

MARC

LEADER 00000nam a2200000 a 4500
001 UCP5246
003 CL-VaPUC
008 990903e19950000SP |||||||||||||||||spa|d
082 0 4 |a 372.357  |b BAT  |2 21 
100 0 |a Batllori Obiols, Roser  |e author  |9 433497 
700 0 |a Espinet Blanch, M  |e author  |9 433498 
700 0 |a Franch Batlle, J  |e author  |9 433499 
700 0 |a Gavalda Torrents, A  |e author  |9 433500 
700 0 |a Molla Bernadas, J  |e author  |9 433501 
700 0 |a Morato Reixach, T  |e author  |9 433502 
700 0 |a Santisteban Fernández, A  |e author  |9 433503 
700 0 |a Pages Blanch, J  |e author  |9 433504 
245 1 0 |a Paisajes 6: guía didáctica 
300 |a 115 p 
942 |c BK 
945 |d 19990903 00:00:00  |a cmena 
260 |a Madrid  |b Bruño  |c 1995 
650 0 |a Educación básica   |9 224933 
650 0 |a Medio ambiente  |9 257625 
650 0 |a Métodos de enseñanza  |9 270413 
650 0 |a Libros de texto  |9 270019 
650 0 |a Ecología   |9 258124 
583 |a last modification  |c 20190730 12:14:01  |k Rodrigo Vera 
999 |c 283019  |d 283017 
952 |0 0  |1 0  |4 0  |6 372_357000000000000_BAT_1995  |7 0  |8 A  |9 325759  |a BIBEDU  |b BIBEDU  |d 2019-11-20  |i 3541320  |o 372.357 BAT 1995  |p 3541320  |r 2019-11-20  |w 2019-11-20  |y BK  |k BME